Statistics for Самые Богатые Страны Африки в 1975

Click here to take the quiz!

General Stats

  • This quiz has been taken 151 times
  • The average score is 9 of 15

Answer Stats

ВВП на душу населенияВ долларах 2022Страна% Correct
1,429$7,759$Южно-Африканская Республика
97%
971$5,272$Алжир
92%
519$2,818$Марокко
87%
5,220$28,344$Ливия
86%
497$2,698$Народная Республика Конго
75%
471$2,557$Нигерия
74%
764$4,148$Тунис
72%
704$3,822$Родезия
54%
474$2,573$Замбия
51%
1,194$6,483$Маврикий
44%
3,591$19,499$Габон
42%
800$4,344$Сейшелы
41%
591$3,209$Берег Слоновой Кости
40%
456$2,476$Экваториальная Гвинея
30%
545$2,959$Свазиленд
29%

Score Distribution

Percentile by Number Answered

Percent of People with Each Score

Your Score History

You have not taken this quiz